Disney villains deaths - Statistics

General Stats
  • This quiz has been taken 133 times
  • The average score is 8 of 26
Answer Stats
Reason Villains % Correct
Eaten By hyenas Scar
76%
The Great fall Gaston
73%
Get stabbed three fairiesTo Fall a hell fire Maleficent
73%
Boulder Evil queen
68%
Scariest brutal death(Getting poked by Wooden boat) Ursula
56%
Flynn tries cut tangled hair he's get old to Turned dust Mother gothel
53%
Fireworks Shan yu
43%
Mr incredible tries Kill hem and ripped apart Syndrome
40%
Get hanged fell to cliff Away Clayton
36%
Getting suck at cauldron Horned king
31%
Turn cloud dust Jafar
31%
Get dragged to hell Dr facilier
26%
Eaten alive by chicks Hopper
26%
Fell to big ben Professor ratigan
25%
Collision hit by train Bill Sykes
24%
Fell to Great place Claude frollo
24%
Too slow to chase rusell Charles muntz
19%
When Milo stab them to turns crystal Rourke
19%
Waterfall (Drowned) Percival C. Mcleach
16%
Gravity and goes to sky Scroop
13%
Waterfall Black bear
9%
Killed by beast Fotre
9%
Loses her skin Ooogie Boogie
6%
Bell crushed Ernesto la cruz
5%
Going to coke Volcano Mentos King turbo
5%
Fall to cliff Rex
4%
No matching quizzes found
Score Distribution
Percent of People with Each Score
Percentile by Number Answered
Your Score History
You have not taken this quiz